书目信息 |
| 题名: |
西湖生死学
|
|
| 作者: | 何仁富 著 | |
| 分册: | ||
| 出版信息: | 北京 中国商务出版社 2021.10 |
|
| 页数: | 222页 | |
| 开本: | 24cm | |
| 丛书名: | ||
| 单 册: | ||
| 中图分类: | B083-49 , B086-49 | |
| 科图分类: | ||
| 主题词: | 生命哲学--sheng ming zhe xue--通俗读物 , 死亡哲学--si wang zhe xue--通俗读物 | |
| 电子资源: | ||
| ISBN: | 978-7-5103-4083-3 | |
| 000 | 01377nam0 2200301 450 | |
| 001 | CAL 012022047940 | |
| 005 | 20230217093112.0 | |
| 010 | @a978-7-5103-4083-3@dCNY70.00 | |
| 100 | @a20221108d2021 em y0chiy0120 ea | |
| 101 | 0 | @achi |
| 102 | @aCN@b110000 | |
| 105 | @ay a 000yy | |
| 106 | @ar | |
| 200 | 1 | @a西湖生死学@Axi hu sheng si xue@f何仁富著 |
| 210 | @a北京@c中国商务出版社@d2021.10 | |
| 215 | @a222页@d24cm | |
| 314 | @a何仁富, 男, 四川平昌人, 四川大学哲学硕士, 清华大学伦理学博士, 浙江传媒学院马克思主义学院教授, 生命学与生命教育研究所所长。 | |
| 320 | @a有书目 (第209-211页) | |
| 330 | @a本书是一部以生死学和生命教育为理念, 以西湖的历史传说、历史人物墓地以及具体景点的样态与生成为载体, 以西湖景点涵摄的相关人物的生命故事为依托, 贡献给现代人生死智慧的“人文生死学”著作。全书通过对西湖边有代表性的主要历史人物如苏小小、白居易、苏东坡、冯小青、秋瑾、林和靖、岳飞、马一浮等的“生命叙事”和解读, 展示不同的生命样态、生命态度和生命智慧。同时, 对照阐释现代生死学的一些重要观念, 如生命与死亡的本质、临终关怀、生死哲学等。 | |
| 606 | 0 | @a生命哲学@Asheng ming zhe xue@j通俗读物 |
| 606 | 0 | @a死亡哲学@Asi wang zhe xue@j通俗读物 |
| 690 | @aB083-49@v5 | |
| 690 | @aB086-49@v5 | |
| 701 | 0 | @a何仁富@Ahe ren fu@4著 |
| 801 | 0 | @aCN@bBJXHZP@c20230228 |
| 905 | @a可供@b1396352-5@dB083-49@e122@f4 | |
| 906 | @aRTWS | |
| 998 | @ebm_admin-2022.11.18 14:22:56 | |
| 西湖生死学/何仁富著.-北京:中国商务出版社,2021.10 |
| 222页;24cm |
| ISBN 978-7-5103-4083-3:CNY70.00 |
| 本书是一部以生死学和生命教育为理念, 以西湖的历史传说、历史人物墓地以及具体景点的样态与生成为载体, 以西湖景点涵摄的相关人物的生命故事为依托, 贡献给现代人生死智慧的“人文生死学”著作。全书通过对西湖边有代表性的主要历史人物如苏小小、白居易、苏东坡、冯小青、秋瑾、林和靖、岳飞、马一浮等的“生命叙事”和解读, 展示不同的生命样态、生命态度和生命智慧。同时, 对照阐释现代生死学的一些重要观念, 如生命与死亡的本质、临终关怀、生死哲学等。 |
| ● |
| 相关链接 |
|
|
|
|
正题名:西湖生死学
索取号:B083-49/122
 
预约/预借
| 序号 | 登录号 | 条形码 | 馆藏地/架位号 | 状态 | 备注 |
| 1 | 1396352 | 213963521 | 第一样本阅览室/ [索取号:B083-49/122] | 在馆 | |
| 2 | 1396353 | 213963530 | 第一借阅区/ [索取号:B083-49/122] | 在馆 | |
| 3 | 1396354 | 213963549 | 第一借阅区/ [索取号:B083-49/122] | 在馆 | |
| 4 | 1396355 | 213963558 | 第一借阅区/ [索取号:B083-49/122] | 在馆 |